|
|
|
|
| LEADER |
00000nam0a2200000 4500 |
| 001 |
192457 |
| 005 |
20231101224423.0 |
| 010 |
|
|
|a 9785987550557
|
| 035 |
|
|
|a (RuTPU)RU\TPU\book\209873
|
| 090 |
|
|
|a 192457
|
| 100 |
|
|
|a 20110228d2008 k y0rusy50 ca
|
| 101 |
0 |
|
|a rus
|
| 102 |
|
|
|a RU
|
| 105 |
|
|
|a a z 001zy
|
| 200 |
1 |
|
|a Энергосберегающие технологии добычи нефти из малодебитных наклонно-направленных скважин
|f А. А. Ишмурзин, И. Т. Мищенко
|
| 210 |
|
|
|a Уфа
|c Нефтегазовое дело
|d 2008
|
| 215 |
|
|
|a 240 с.
|c ил.
|
| 225 |
1 |
|
|a Библиотека нефтегазового дела
|
| 320 |
|
|
|a Библиогр.: с. 225-234.
|
| 330 |
|
|
|a Рассмотрены составляющие энергоемкости добычи многокомпонентной продукции из малодебитных нефтяных скважин штанговыми насосами и проанализированы пути снижения энергоемкости. Показано, что рассмотрение роли и влияния газа и воды на энергоемкость добычи многокомпонентной смеси имеет единое направление снижения энергоемкости и заключается в обеспечении совместного движения всех компонентов добываемой продукции в подъемной колонне. Также рассмотрены особенности добычи парафинистой нефти, которые показали энерго- и ресурсосберегающую целесообразность применения штанговых насосов с более свободной пригонкой плунжера в цилиндре. С учетом напряженно-деформированного состоянии скважинного оборудования в наклонно-направленных скважинах представлены новые технологичные схемы насосного оборудования. Книга предназначена для инженеров, научных работников, аспирантов и студентов вузов, изучающих технику и технологию добычи нефти.
|
| 606 |
1 |
|
|a Нефтяные скважины, малодебитные
|x Эксплуатация
|2 stltpush
|3 (RuTPU)RU\TPU\subj\46165
|9 65350
|
| 606 |
1 |
|
|a Нефтяные скважины
|x Эксплуатация глубоконасосная
|x Энергетические показатели
|2 stltpush
|3 (RuTPU)RU\TPU\subj\46146
|
| 610 |
1 |
|
|a нефть
|
| 610 |
1 |
|
|a нефтедобыча
|
| 610 |
1 |
|
|a штанговые насосы
|
| 610 |
1 |
|
|a энергоемкость
|
| 610 |
1 |
|
|a попутный нефтяной газ
|
| 610 |
1 |
|
|a эффективное использование
|
| 610 |
1 |
|
|a продуктивные пласты
|
| 610 |
1 |
|
|a обводнение
|
| 610 |
1 |
|
|a вода
|
| 610 |
1 |
|
|a совместное движение
|
| 610 |
1 |
|
|a промысловые условия
|
| 610 |
1 |
|
|a энергосберегающие технологии
|
| 610 |
1 |
|
|a энергосберегающая техника
|
| 610 |
1 |
|
|a нефтяные скважины
|
| 610 |
1 |
|
|a многокомпонентные смеси
|
| 610 |
1 |
|
|a добыча
|
| 610 |
1 |
|
|a искривленные скважины
|
| 610 |
1 |
|
|a штанговая колонна
|
| 610 |
1 |
|
|a напряженно-деформированное состояние
|
| 610 |
1 |
|
|a парафиновая нефть
|
| 610 |
1 |
|
|a нефтяные промыслы
|
| 610 |
1 |
|
|a энергосбережение
|
| 675 |
|
|
|a 622.276.34
|v 3
|
| 675 |
|
|
|a 622.276.53
|v 3
|
| 700 |
|
1 |
|a Ишмурзин
|b А. А.
|g Абубакир Ахмадуллович
|
| 701 |
|
1 |
|a Мищенко
|b И. Т.
|g Игорь Тихонович
|
| 801 |
|
1 |
|a RU
|b 63413507
|c 20110228
|
| 801 |
|
2 |
|a RU
|b 63413507
|c 20150623
|g RCR
|
| 942 |
|
|
|c BK
|
| 959 |
|
|
|a 27/20110228
|d 2
|e 2500,00
|f АНЛ:1
|f ЧЗТЛ:1
|